000 00562nam a2200181 4500
001 109267
003 ES-MaACL
005 20230906184817.0
007 t|
008 061121s1939 it r ||||1| eng d
100 1 _aOlivero, Federico.
_986866
245 1 0 _aEdgar Poe /
_cby Federico Olivero ; traslated from the italian text by Dante Milani.
250 _a2 nd Ed. With additions.
260 _aTorino :
_bSocietá Editrice Internazionale,
_c1939.
300 _a488 p. :
_b26 cm.
700 1 _aMilani, Dante.
_981084
852 _aES-MaACL
_jD-6887
_bR.29572
999 _c109267
_d109267